Quizzes
Events
Quiz Creation
Community
Videos
Private Events
Remove Ads
Sign In
Join for FREE
Feedback
Dark Mode
Quiz Categories
Sports
Geography
Music
Movies
Television
Just For Fun
Miscellaneous
History
Literature
Language
Science
Gaming
Entertainment
Religion
Holiday
For Kids
Quiz Lab
Recent
Popular Today
Quiz Kudos Today
Editor Picks
Curator Picks
Quizzes by...
Day
Popularity
Type
Ratings
Length
Year
Community
Subscriptions
Recent Discussions
Orange Saloon
Badges
Playlists
Quests
Create
Leaderboards
Showdown
Live 5
Trivia Bingo
Activity
Puzzle Library
Sporcle Events
Private Events
Virtual Trivia
Globe League
Become a Host
Pub Owners
SporcleCon
Opinionation
Our Games
Videos
Blog
Mobile Apps
Partnerships
Remove Ads and Go Orange
Feedback
Entertainment
Celebrity
Famous
Musical
Broadway
Show
Quote
Comic Books
Anime
Superhero
DC Comics
Marvel
Cartoons
Animation
Entertainment
Celebrity
Famous
Musical
Broadway
Show
Quote
Comic Books
Anime
Superhero
DC Comics
Marvel
Cartoons
Animation
Random Quiz
Search Sporcle
×
Quiz Lab
Quiz Lab
Entertainment
cat
Type in answers that appear in a list
Type in answers that appear in a list
Classic
Best Score? Go Orange.
All the Warrior Cats from power of 3 Stats
Can you name the Warrior Cats from Power of Three?
By
JMAN112
20m
111 Questions
2,520 Plays
2,520 Plays
2,520 Plays
Comments
Comments
Give Quiz Kudos
Give Quiz Kudos
-
- Ratings
hide this ad
Random Order
Randomize order of answers
Randomize order of answers
Replay
Link that replays current quiz
Next Quiz
Link to next quiz in quiz playlist
You Got
0%
They Got
Avg Score
39%
Avg Friend Score
Upgrade to see
Score Distribution
Jump to the score distribution portion of the page
Score
0/111
Timer
20:00
0
Plays Today
% Correct
Firestar
93.5%
Jayfeather
92.8%
Lionblaze
91.4%
Hollyleaf
90.7%
Leafpool
84.9%
Squirrelflight
81%
Brambleclaw
79.2%
Sandstorm
74%
Blackstar
73.3%
Onestar
71.2%
Crowfeather
70.8%
Graystripe
70.5%
Leopardstar
67.5%
Cinderheart
66.9%
Dustpelt
66%
Ashfur
65.1%
Ferncloud
63.3%
Mistyfoot
63.2%
Berrynose
63.1%
Tawnypelt
62.7%
Cloudtail
62.7%
Millie
61.9%
Brightheart
61.6%
Mousefur
61.2%
Daisy
61.2%
Whitewing
61%
Honeyfern
59.8%
Longtail
59.1%
Brackenfur
58.8%
Breezepelt
58.6%
Poppyfrost
58.5%
Sorreltail
58.1%
Mothwing
56.4%
Birchfall
56.3%
Heathertail
55.6%
Mousewhisker
53.7%
Nightcloud
53.7%
% Correct
Rowanclaw
53.2%
Spiderleg
53%
Russetfur
51.7%
Hazeltail
50.6%
Ashfoot
50.4%
Stormfur
50%
Littlecloud
48.5%
Brook
47.8%
Heathertail
47%
Willowshine
45.4%
Barkface
44.6%
Icepaw
42.5%
Foxpaw
42.5%
Reedwhisker
35.1%
Kestrelpaw
35.1%
Whitetail
32.2%
Harespring
30.7%
Oakfur
28.6%
Blackclaw
28.2%
Tornear
28%
Snowbird
28%
Morningflower
27.1%
Mosspelt
27%
Ivytail
25.9%
Webfoot
25.5%
Cedarheart
25.4%
Antpelt
24.3%
Ratscar
23.8%
Rippletail
23.5%
Dawnpaw
23.4%
Owlwhisker
23.4%
Smokefoot
23.3%
Toadfoot
23.2%
Voletooth
22.8%
Dawnflower
22.8%
Weaselfur
22.6%
Gorsetail
22.4%
% Correct
Icewing
22.1%
Kinkfur
21.9%
Owlpaw
21.6%
Swallowtail
21.3%
Crowfrost
21.2%
Minnowpaw
20.8%
Heavystep
20.7%
Beechfur
19.8%
Stonestream
19.8%
Whitewater
19.6%
Snaketail
19%
Leaftail
18.5%
Graymist
18.5%
Emberfoot
18.2%
Shrewpaw
18.1%
Pebblepaw
18%
Mintfur
18%
Pouncetail
17.7%
Sedgepaw
17.7%
Dapplenose
16.8%
Scorchpaw
16.3%
Olivepaw
15.9%
Rainstorm
15.2%
Thistlepaw
15.1%
Swallowpaw
14.9%
Duskfur
14.9%
Sunpaw
14.7%
Willowclaw
14.4%
Mallowpaw
14.4%
Bramblepaw
14.3%
Dewspots
14.1%
Otterheart
13.9%
Sneezepaw
13.5%
Pinefur
13.4%
Robinpaw
12.9%
Nettlepaw
12.3%
Thorncaw
10.3%
Quiz Playlist
Details
Report
Send in Message
Add To Playlist
Classic:
Type in answers that appear in a list
Random Order:
Randomize order of answers
Last Updated: Feb 16, 2017
Quiz Scoreboard
CHALLENGE
Sign Up to Join the Scoreboard
Show All
Scores
Hide
Comments
May contain spoilers
Recently Published
9x9 Crossword: Cartoon Network
by jackfrog10
Miscellaneous
3m
College Basketball Coaching Resumes
by pancakes188
Sports
9m
Billboard Blitz: Fleetwood Mac
by CooCooCachoo
Music
15s
More to Explore
Quiz From the Vault
Featured Blog Post
Where Did the Easter Bunny Come From?
hide this ad
You Might Also Like...
Tags
cat
Power
three
Warrior
Warrior Cats
Today's Top Quizzes in Entertainment
Browse Entertainment
hide this ad
Today's Top Quizzes in cat
Browse cat
Top Contributed Quizzes in Entertainment
1
7-to-1: DC Comics Villains
2
Marvel Characters Bunker
3
Eurovision 2023 Logic Puzzle
4
Dragon Ball Z: Goku's Fights in Order
5
Sorting Pictures: Villains
6
Criteria Quickie: Cartoon Taxonomy II
7
Mini Trivia Sudoku: Musicals
8
Kamen Rider Motifs
9
Fictional Villains Letter U Blitz
10
7-to-1: One Piece
Explore More
Trending Topics
Crossword
NBA
Kpop
Anime
Marvel
Disney
Harry Potter
Song
Puzzle
NFL
Soccer
WWE
Pokémon
The Office
Country
hide this ad
More By:
JMAN112
Quiz
Plays
Rating
Category
Featured
Created
all the Warrior Cats from power of 3
2,520
1.80
Entertainment
Nov 30, 2009
Go to Creator's Profile
Score Distribution
Quiz Creator Spotlight
JMAN112
Follow
Send a Message
Quizzes Created
-
Created Quiz Play Count
-
More By This Creator
Popular Quizzes Today
1
Find the US States - No Outlines Minefield
2
Find the Countries of Europe - No Outlines Minefield
3
The Countries of the World
4
Find the US States
5
Risky Map Clicking: Biggest States A-Z
6
US States
7
Popular People in 1961
8
Movies - When Are They Set?
More Entertainment Quizzes
Not Pictured: Entertainment
Published
Trending Quizzes
Risky Map Clicking: Least Populous States A-Z
1-10 Letter G Words
1-10 Letter F Words
Risky Map Clicking: Next State Alphabetically
Adjectives in 80s TV Shows
Recently Updated
Leaping Animals
pecheneg
Reality TV Shows (A-Z)
bhenderson79
Rickey Henderson's Hall of Fame Teammates
pecheneg
Champions League XIs: Arsenal
pecheneg
Quick Pick: Celebrities in WWE's Hall of Fame
aduchscher
A-Z Keypad Blitz II
pecheneg
Multiple Oscar Actors
pecheneg
Mystery Phrase Blitz: Oscar 'Best Actors'
pecheneg
F. Scott Fitzgerald Novels
LTH
Pick 3 Villains
ddd62291
Trending Topics
Marvel
Crossword
Disney
NBA
Anime
Kpop
Harry Potter
Soccer
The Office
WWE
Puzzle
Song
NFL
Country
Pokémon
Your Account Isn't Verified!
In order to create a playlist on Sporcle, you need to verify the email address you used during registration. Go to your
Sporcle Settings
to finish the process.
Report this User
Report this user for behavior that violates our
Community Guidelines
.
Details:
Send Report
Go to the Sporcle.com Mobile Site →
Comments